<?xml version="1.0" encoding="UTF-8"?><?xml-stylesheet type="text/xsl" href="static/style.xsl"?><OAI-PMH xmlns="http://www.openarchives.org/OAI/2.0/" xmlns:xsi="http://www.w3.org/2001/XMLSchema-instance" xsi:schemaLocation="http://www.openarchives.org/OAI/2.0/ http://www.openarchives.org/OAI/2.0/OAI-PMH.xsd"><responseDate>2026-04-14T07:49:38Z</responseDate><request verb="GetRecord" identifier="oai:www.recercat.cat:2072/398282" metadataPrefix="marc">https://recercat.cat/oai/request</request><GetRecord><record><header><identifier>oai:recercat.cat:2072/398282</identifier><datestamp>2024-10-29T19:48:55Z</datestamp><setSpec>com_2072_98</setSpec><setSpec>col_2072_378192</setSpec></header><metadata><record xmlns="http://www.loc.gov/MARC21/slim" xmlns:dcterms="http://purl.org/dc/terms/" xmlns:xsi="http://www.w3.org/2001/XMLSchema-instance" xmlns:doc="http://www.lyncode.com/xoai" xsi:schemaLocation="http://www.loc.gov/MARC21/slim http://www.loc.gov/standards/marcxml/schema/MARC21slim.xsd">
   <leader>00925njm 22002777a 4500</leader>
   <datafield ind2=" " ind1=" " tag="042">
      <subfield code="a">dc</subfield>
   </datafield>
   <datafield ind2=" " ind1=" " tag="720">
      <subfield code="a">Puche Gutiérrez, Teresa</subfield>
      <subfield code="e">author</subfield>
   </datafield>
   <datafield ind2=" " ind1=" " tag="260">
      <subfield code="c">2012</subfield>
   </datafield>
   <datafield ind2=" " ind1=" " tag="520">
      <subfield code="a">Toda obra literaria es inconsciente o conscientemente concebida como herramienta de poder con una ideología subyacente al servicio de unos intereses concretos. Leer a Sor Juana Inés de la Cruz es adentrarse en un modelo discursivo que busca subvertir una realidad del siglo XVII: aquella que impide a la mujer tomar conciencia de sí misma como ser humano pensante. La autoafirmación en Sor Juana, genera una recurrencia en el uso del "yo" con carácter unidireccional y metadiscursivo en tanto que no es otra cosa que un autoseñalamiento constant,e que genera la producción de un discurso identitario dentro de la literatura.</subfield>
   </datafield>
   <datafield ind2=" " ind1=" " tag="520">
      <subfield code="a">Any literary work is unconscious or consciously conceived as tool of power with an underlying ideology to the service of a few concrete interests. To read to Sor Juana Ines de la Cruz means to enter a discursive model which seeks to subvert a reality of the 17th century: that one that prevents the woman from being aware of herself as a thinker human being. The self-affirmation in Sor Juana generates a recurrence in the use of the 'I' with unidirectional metadiscursive character as that is nothing more than a constant self-signalling which generates the production of an identity within the literature discourse.</subfield>
   </datafield>
   <datafield tag="653" ind2=" " ind1=" ">
      <subfield code="a">Sor Juana Inés de la Cruz</subfield>
   </datafield>
   <datafield tag="653" ind2=" " ind1=" ">
      <subfield code="a">Discurs identitari</subfield>
   </datafield>
   <datafield tag="653" ind2=" " ind1=" ">
      <subfield code="a">Subversió</subfield>
   </datafield>
   <datafield tag="653" ind2=" " ind1=" ">
      <subfield code="a">Metadiscurs</subfield>
   </datafield>
   <datafield tag="653" ind2=" " ind1=" ">
      <subfield code="a">Dona</subfield>
   </datafield>
   <datafield tag="653" ind2=" " ind1=" ">
      <subfield code="a">Discurso identitario</subfield>
   </datafield>
   <datafield tag="653" ind2=" " ind1=" ">
      <subfield code="a">Subversión</subfield>
   </datafield>
   <datafield tag="653" ind2=" " ind1=" ">
      <subfield code="a">Metadiscurso</subfield>
   </datafield>
   <datafield tag="653" ind2=" " ind1=" ">
      <subfield code="a">Mujer</subfield>
   </datafield>
   <datafield tag="653" ind2=" " ind1=" ">
      <subfield code="a">Identitary discourse</subfield>
   </datafield>
   <datafield tag="653" ind2=" " ind1=" ">
      <subfield code="a">Subversion metadiscourse</subfield>
   </datafield>
   <datafield tag="653" ind2=" " ind1=" ">
      <subfield code="a">Woman</subfield>
   </datafield>
   <datafield ind2="0" ind1="0" tag="245">
      <subfield code="a">"¿Quién oyó lo que yo?" : el discurso subversivo de autoafirmación en Sor Juana Inés de la Cruz (lectura actualizada de una identidad imposible)</subfield>
   </datafield>
</record></metadata></record></GetRecord></OAI-PMH>